000 01022nam a22002537a 4500
005 20170124103100.0
010 _aB-141760
020 _c125.00
_a8176751014
035 _aB-141760
037 _bCen Lib/Ret
040 _aDPL
_bHN
082 _a
_bअरोड़ा
100 _aअरोड़ा , सुधा
_976698
245 _aकांसे का गिलास /
_c सुधा अरोड़ा
246 _aKanse ka gilas
_bby Sudha Aroda
260 _aहरियाणा
_bआधार प्रकाशन
_c2004
270 _aएस.सी.ऍफ़.267,सेक्टर -16 पंचकुला
_bहरियाणा
_e134113
300 _a136पृष्ठ.
_c21सेमी(सजिल्द)
650 _aहिंदी साहित्य
_976699
650 _aहिंदी सामाजिक कहानी
_976700
650 _aHindi literature
_976701
650 _aHindi Social Story
_976702
942 _2ddc
_cHN
_h
_mअरोड़ा
999 _c117764
_d117764